The process of politics in Europe : the rise of European elites and supranational institutions (Record no. 65753)

MARC details
000 -LEADER
fixed length control field 00914nam a2200265Ia 4500
008 - FIXED-LENGTH DATA ELEMENTS--GENERAL INFORMATION
fixed length control field 191130s2010##################000#0#eng##
020 ## - INTERNATIONAL STANDARD BOOK NUMBER
ISBN 9781848853263
082 ## - DEWEY DECIMAL CLASSIFICATION NUMBER
Classification number 351.409045 SEI
100 ## - MAIN ENTRY--AUTHOR NAME
Personal name Seidel, Katja
245 ## - TITLE STATEMENT
Title The process of politics in Europe : the rise of European elites and supranational institutions
Statement of responsibility, etc Katja Seidel
260 ## - PUBLICATION, DISTRIBUTION, ETC. (IMPRINT)
Place of publication London
Name of publisher Tauris Academic Studies
Year of publication 2010
300 ## - PHYSICAL DESCRIPTION
Number of Pages xvi, 245 p. : ill. ; 23 cm
500 ## - GENERAL NOTE
General note Includes bibliographical references (p. [217]-239) and index
650 ## - SUBJECT ADDED ENTRY--TOPICAL TERM
Topical Term Elite (Social sciences) - Europe
Topical Term Europe - Politics and government
Topical Term European Coal and Steel Community
Topical Term European Economic Community
Topical Term European Union
Topical Term Public administration - Europe
991 ## -
-- 47738
Holdings
Withdrawn status Lost status Damaged status Not for loan Home library Current library Shelving location Date acquired Full call number Accession Number Price effective from Koha item type
        Anna Centenary Library Anna Centenary Library 4TH FLOOR, A WING 09.10.2020 351.409045 SEI 334908 09.10.2020 English Books

Find us on the map